La arquitectura efimera como horizonte (Record no. 182455)

MARC details
000 -LEADER
campo de control de longitud fija 00768nam a2200193 i 4500
001 - NÚMERO DE CONTROL
campo de control 182455
003 - IDENTIFICADOR DE NÚMERO DE CONTROL
campo de control ES-MaACL
005 - FECHA Y HORA DE LA ÚLTIMA TRANSACCIÓN
campo de control 20230906221620.0
008 - DATOS DE LONGITUD FIJA--INFORMACIÓN GENERAL
campo de control de longitud fija 130816q19901999sp |||| | spa d
100 1# - ENTRADA PRINCIPAL--NOMBRE DE PERSONA
Nombre de persona Díez Bustos, Carlos.
9 (RLIN) 44683
245 13 - MENCIÓN DEL TÍTULO
Título La arquitectura efimera como horizonte
Resto del título : [exposición] del 22 de febrero al 24 de marzo, Sala Municipal de Exposiciones, Leganés /
Mención de responsabilidad, etc. Carlos Díez Bustos.
260 ## - PUBLICACIÓN, DISTRIBUCIÓN, ETC.
Lugar de publicación, distribución, etc. Leganés (Madrid) :
Nombre del editor, distribuidor, etc. Ayuntamiento de Leganés, Delegación de Cultura,
Fecha de publicación, distribución, etc. [199-]
300 ## - DESCRIPCIÓN FÍSICA
Extensión [30] p. :
Otras características físicas principalmente il. ;
Dimensiones 25 cm.
600 14 - PUNTO DE ACCESO ADICIONAL DE MATERIA--NOMBRE DE PERSONA
Nombre de persona Díez Bustos, Carlos-
Subdivisión de forma Exposiciones.
9 (RLIN) 44684
655 #7 - TERMINO DE INDIZACIÓN--GENERO/FORMA
Fuente del término tgfbne
9 (RLIN) 193628
Datos o término principal de género/forma Catálogos de exposiciones
852 ## - LOCALIZACIÓN
Ubicación ES-MaACL
Número de control de estantería 2325-F-17
942 ## - ELEMENTOS DE ENTRADA SECUNDARIOS (KOHA)
Fuente del sistema de clasificación o colocación Clasificación decimal universal
Holdings
Estatus retirado Estado de pérdida Estado de daño No para préstamo Colección Biblioteca de origen Biblioteca actual Ubicación en estantería Fecha de adquisición Fuente de adquisición Total de préstamos Signatura topográfica completa Código de barras Visto por última vez Precio de reemplazo Tipo de ítem Koha
        Colección de folletos Biblioteca del Ateneo de Madrid Biblioteca del Ateneo de Madrid Depósito folletos 16/08/2013     2325-F-17 1191735 23/02/2023 23/02/2023 Folleto